00209nam a2200085Ia 4500001000800000005001700008008004100025245003600066260002100102105988820250827001550.0250824s9999 xx 000 0 und d 0aBÖRÜ 2cÇAĞLAYAN YILMAZ bPANAMA YAYINLARI